000 00383nam a2200145Ia 4500
008 231129s1992||||xx |||||||||||||| ||spa||
020 _a958-28-0298-7
040 _bspa
082 _aU813 H316s
100 _aHarris Thomas
245 0 _aEl silencio de los inocentes
260 _c1992
264 _aCí­rculo de Lectores
942 _2ddc
_cBKS
999 _c12442
_d12442